[Event "ESP-ch blind 22nd"]
[Site "Benidorm"]
[Date "2010.11.21"]
[Round "8"]
[White "Fernandez Cabello, Emilio"]
[Black "Rodriguez Aguilera, Aurelio"]
[Result "0-1"]
[WhiteElo "1758"]
[BlackElo "1982"]
[PlyCount "46"]
[EventDate "2010.11.14"]
[EventType "swiss"]
[EventRounds "8"]
[EventCountry "ESP"]
[SourceTitle "CBM 139 Extra"]
[Source "ChessBase"]
[SourceDate "2011.01.05"]
[SourceVersion "1"]
[SourceVersionDate "2011.01.05"]
[SourceQuality "1"]

1. e4 d5 2. exd5 Qxd5 3. Nc3 Qa5 4. d4 c6 5. Nf3 Bf5 6. Bc4 e6 7. Bd2 Qc7 8. Bb3 Nf6 9. Qe2 Nbd7 10. 0-0-0 0-0-0 11. Ne5 Nxe5 12. dxe5 Nd5 13. g4 Bg6 14. f4 Bb4 15. Nb1 Bxd2+ 16. Qxd2 h5 17. h3 Qb6 18. Rde1 hxg4 19. hxg4 Rxh1 20. Rxh1 Nb4 21. Qe2 Bxc2 22. Nc3 Bxb3 23. axb3 Nd3+ 0-1

[Event "ESP-ch blind 22nd"]
[Site "Benidorm"]
[Date "2010.11.16"]
[Round "3"]
[White "Palacios Perez, Manuel"]
[Black "Rodriguez Aguilera, Aurelio"]
[Result "1-0"]
[WhiteElo "2178"]
[BlackElo "1982"]
[PlyCount "79"]
[EventDate "2010.11.14"]
[EventType "swiss"]
[EventRounds "8"]
[EventCountry "ESP"]
[SourceTitle "CBM 139 Extra"]
[Source "ChessBase"]
[SourceDate "2011.01.05"]
[SourceVersion "1"]
[SourceVersionDate "2011.01.05"]
[SourceQuality "1"]

1. d4 d5 2. c4 e6 3. Nf3 Nf6 4. g3 c6 5. Bg2 Bd6 6. 0-0 0-0 7. Nc3 Nbd7 8. b3 Qa5 9. Qc2 Bb4 10. Bd2 Qd8 11. Nxd5 Nxd5 12. cxd5 Bxd2 13. dxe6 fxe6 14. Qxd2 Qf6 15. Qe3 Re8 16. Ne5 Re7 17. Rad1 Nf8 18. Qc3 Bd7 19. Qc5 Be8 20. Bf3 Nd7 21. Qd6 Qf8 22. Rd3 Nxe5 23. dxe5 Bf7 24. Rfd1 Ree8 25. Qc7 Rab8 26. Rd7 Rec8 27. Qa5 Be8 28. Rc7 Rxc7 29. Qxc7 Bg6 30. Rd7 Bb1 31. Rxg7+ Qxg7 32. Qxb8+ Qf8 33. Qxb7 Bxa2 34. Bxc6 Qc5 35. Qc8+ Kg7 36. Qd7+ Kf8 37. Qd8+ Kg7 38. Qf6+ Kg8 39. Qxe6+ Kg7 40. Bd5 1-0

[Event "ESP-chT2 Once"]
[Site "Fuengirola"]
[Date "2009.11.26"]
[Round "5.1"]
[White "Rodriguez Aguilera, Aurelio"]
[Black "Fernandez Cabello, Emilio"]
[Result "1/2-1/2"]
[WhiteElo "1981"]
[BlackElo "1830"]
[PlyCount "49"]
[EventDate "2009.11.22"]
[EventType "team-tourn"]
[EventRounds "7"]
[EventCountry "ESP"]
[SourceTitle "CBM 133 Extra"]
[Source "ChessBase"]
[SourceDate "2010.01.05"]
[SourceVersion "1"]
[SourceVersionDate "2010.01.05"]
[SourceQuality "1"]

1. d4 Nf6 2. c4 g6 3. Nc3 Bg7 4. e4 d6 5. Nf3 0-0 6. Be2 e5 7. d5 Nbd7 8. 0-0 a5 9. Ne1 Nc5 10. Qc2 Ne8 11. Be3 f5 12. f3 f4 13. Bxc5 dxc5 14. Nd3 b6 15. a3 Nd6 16. Nf2 g5 17. Na2 Rf7 18. b4 Bf8 19. bxc5 bxc5 20. Nd3 Qf6 21. Nxc5 Nf5 22. exf5 Bxc5+ 23. Kh1 Bxf5 24. Bd3 Bd7 25. Nc3 1/2-1/2

[Event "Collado Villalba op-A 26th"]
[Site "Collado Villalba"]
[Date "2009.08.26"]
[Round "6"]
[White "Medrano del Val, Julio"]
[Black "Rodriguez Aguilera, Aurelio"]
[Result "0-1"]
[WhiteElo "1810"]
[BlackElo "1967"]
[PlyCount "57"]
[EventDate "2009.08.21"]
[EventType "swiss"]
[EventRounds "9"]
[EventCountry "ESP"]
[SourceTitle "CBM 132 Extra"]
[Source "ChessBase"]
[SourceDate "2009.11.03"]
[SourceVersion "1"]
[SourceVersionDate "2009.11.03"]
[SourceQuality "1"]

1. d4 d5 2. Nf3 Nf6 3. c4 e6 4. Nc3 c6 5. g3 Be7 6. e3 0-0 7. Ne5 Nbd7 8. f4 Nxe5 9. fxe5 Ne8 10. Bd3 f6 11. 0-0 fxe5 12. Rxf8+ Bxf8 13. dxe5 Qg5 14. Qf3 Qxe5 15. Bxh7+ Kxh7 16. Qxf8 Nf6 17. cxd5 exd5 18. Ne2 Qe4 19. Nc3 Qf3 20. Qb4 Ne4 21. Nxe4 dxe4 22. Qe7 Qd1+ 23. Kg2 Bg4 24. Qxe4+ Kh8 25. Qf4 Qe2+ 26. Kg1 Bf3 27. Qh4+ Kg8 28. Qh3 Bd5 29. b3 0-1

[Event "Collado Villalba op-A 26th"]
[Site "Collado Villalba"]
[Date "2009.08.25"]
[Round "5"]
[White "Rodriguez Aguilera, Aurelio"]
[Black "Arauz Alonso, Fernando"]
[Result "0-1"]
[WhiteElo "1967"]
[BlackElo "2155"]
[PlyCount "164"]
[EventDate "2009.08.21"]
[EventType "swiss"]
[EventRounds "9"]
[EventCountry "ESP"]
[SourceTitle "CBM 132 Extra"]
[Source "ChessBase"]
[SourceDate "2009.11.03"]
[SourceVersion "1"]
[SourceVersionDate "2009.11.03"]
[SourceQuality "1"]

1. d4 d5 2. c4 c6 3. cxd5 cxd5 4. Nf3 Nc6 5. e3 Nf6 6. Nc3 a6 7. a3 Bf5 8. Bd3 Bxd3 9. Qxd3 e6 10. b4 b5 11. Bb2 Bd6 12. 0-0 0-0 13. e4 dxe4 14. Nxe4 Nd5 15. Nxd6 Qxd6 16. Rac1 Rfc8 17. Ng5 g6 18. Ne4 Qd8 19. Qf3 Nce7 20. Nf6+ Nxf6 21. Qxf6 Nd5 22. Qf3 Rc4 23. Rxc4 bxc4 24. Rc1 Rc8 25. Bc3 Qd7 26. Qd1 Nb6 27. h3 Qa4 28. Qxa4 Nxa4 29. Kf1 Kf8 30. Ke2 Ke7 31. Ke3 Kd6 32. Kd2 Nb6 33. Rb1 Kc6 34. Ra1 Na4 35. Re1 Rd8 36. Kc2 Nb6 37. Ra1 Na4 38. Re1 Kb5 39. g3 Nb6 40. Rb1 Rd7 41. Ra1 Ka4 42. Rb1 Nd5 43. Re1 h5 44. h4 Nc7 45. Rd1 Rd5 46. Re1 Nb5 47. Kb2 Nd6 48. Kc2 Nf5 49. Rb1 Ng7 50. Re1 Nf5 51. Rb1 Nxd4+ 52. Bxd4 Rxd4 53. Kc3 Rd3+ 54. Kxc4 Rxa3 55. Rd1 Ra2 56. Rd6 Rc2+ 57. Kd3 Rxf2 58. Rxa6+ Kxb4 59. Ke3 Rf5 60. Rc6 Rc5 61. Rb6+ Kc4 62. Rb7 Rf5 63. Ke4 Kc5 64. Rd7 Kc6 65. Ra7 Kd6 66. Ke3 Ke5 67. Rb7 Kf6 68. Ra7 Re5+ 69. Kf4 Rf5+ 70. Ke4 Rf1 71. Ke3 Rb1 72. Kf3 Rb3+ 73. Kf2 e5 74. Rc7 Ke6 75. Ra7 f6 76. Ra6+ Kf5 77. Rc6 Ra3 78. Rb6 Ra2+ 79. Kf3 e4+ 80. Ke3 Ra3+ 81. Kf2 Kg4 82. Rxf6 Rf3+ 0-1

[Event "Collado Villalba op-A 26th"]
[Site "Collado Villalba"]
[Date "2009.08.24"]
[Round "4"]
[White "Prieto Velasco, Rafael"]
[Black "Rodriguez Aguilera, Aurelio"]
[Result "0-1"]
[WhiteElo "1727"]
[BlackElo "1967"]
[PlyCount "108"]
[EventDate "2009.08.21"]
[EventType "swiss"]
[EventRounds "9"]
[EventCountry "ESP"]
[SourceTitle "CBM 132 Extra"]
[Source "ChessBase"]
[SourceDate "2009.11.03"]
[SourceVersion "1"]
[SourceVersionDate "2009.11.03"]
[SourceQuality "1"]

1. d4 d5 2. c4 e6 3. Nc3 Nf6 4. cxd5 exd5 5. Bg5 Nbd7 6. e3 c6 7. Bd3 Be7 8. Nge2 Nh5 9. Bxe7 Qxe7 10. Qc2 Nhf6 11. h3 Nf8 12. Ng3 h6 13. 0-0 Ne6 14. Bf5 0-0 15. Rac1 Re8 16. Na4 Ng5 17. Bxc8 Raxc8 18. Nc5 Nge4 19. Ngxe4 Nxe4 20. Nxe4 Qxe4 21. Qxe4 Rxe4 22. Rc3 Rce8 23. Rfc1 f5 24. Kf1 f4 25. Ke2 Rxd4 26. Kf3 fxe3 27. Rxe3 Rxe3+ 28. Kxe3 Re4+ 29. Kf3 Kf7 30. Rc3 Kf6 31. Ra3 a6 32. Rb3 Re7 33. h4 Rd7 34. Kf4 Ke6 35. Rg3 Rf7+ 36. Ke3 c5 37. f3 Ke5 38. b3 c4 39. bxc4 dxc4 40. Rg4 Kd5 41. Re4 b5 42. a3 a5 43. Kd2 b4 44. axb4 axb4 45. Re8 Ra7 46. Rd8+ Ke5 47. Rb8 Ra2+ 48. Ke3 b3 49. Rb5+ Kd6 50. Kd4 Rc2 51. g4 b2 52. Rxb2 Rxb2 53. Kxc4 Rf2 54. Kd3 Rxf3+ 0-1

[Event "ESP-ch Ciegos"]
[Site "Cordoba"]
[Date "2006.11.23"]
[Round "5"]
[White "Rodriguez Aguilera, Aurelio"]
[Black "Garcia Magadan, Ramon"]
[Result "1/2-1/2"]
[WhiteElo "2003"]
[BlackElo "1953"]
[PlyCount "77"]
[EventDate "2006.11.19"]
[EventType "swiss"]
[EventRounds "9"]
[EventCountry "ESP"]
[SourceTitle "EXT 2008"]
[Source "ChessBase"]
[SourceDate "2007.11.25"]
[SourceVersion "1"]
[SourceVersionDate "2007.11.25"]
[SourceQuality "1"]

1. d4 d5 2. c4 e6 3. cxd5 exd5 4. Nc3 c6 5. Bf4 Bf5 6. Nf3 Nf6 7. e3 Qb6 8. Qc1 Nbd7 9. Be2 Nh5 10. Bg3 Nxg3 11. hxg3 Bd6 12. Qd2 Nf6 13. 0-0 0-0 14. Bd3 Bxd3 15. Qxd3 Rfe8 16. a3 Qc7 17. Rac1 Qd7 18. Ne2 Ne4 19. Nd2 Ng5 20. Nf3 Ne4 21. Nd2 Ng5 22. f4 Ne4 23. Nxe4 Rxe4 24. Nc3 Re7 25. Rce1 Rae8 26. Re2 Qg4 27. Kf2 g5 28. e4 gxf4 29. e5 Qxg3+ 30. Qxg3+ fxg3+ 31. Kxg3 Bc7 32. Na4 b6 33. b4 Re6 34. Ref2 Rg6+ 35. Kh3 Rg7 36. Rf6 Re6 37. Rxe6 fxe6 38. Rc1 b5 39. Nc5 1/2-1/2

[Event "ESP-ch Ciegos"]
[Site "Cordoba"]
[Date "2006.11.21"]
[Round "3"]
[White "Rodriguez Aguilera, Aurelio"]
[Black "Sanchez Ruiz, Justo"]
[Result "1-0"]
[WhiteElo "2003"]
[BlackElo "1818"]
[PlyCount "143"]
[EventDate "2006.11.19"]
[EventType "swiss"]
[EventRounds "9"]
[EventCountry "ESP"]
[SourceTitle "EXT 2008"]
[Source "ChessBase"]
[SourceDate "2007.11.25"]
[SourceVersion "1"]
[SourceVersionDate "2007.11.25"]
[SourceQuality "1"]

1. d4 f5 2. Bg5 d5 3. e3 Be6 4. Nd2 Nd7 5. c4 h6 6. Bf4 g5 7. Bg3 Ngf6 8. Rc1 Bg7 9. Ngf3 0-0 10. Bxc7 Qe8 11. Be5 g4 12. Bxf6 Bxf6 13. Ne5 Nxe5 14. dxe5 Bxe5 15. cxd5 Bxd5 16. Nc4 Bxc4 17. Bxc4+ e6 18. 0-0 Rd8 19. Qb3 Rf6 20. Rcd1 Rxd1 21. Rxd1 Qe7 22. Qa4 Rf8 23. Qxa7 f4 24. Qb6 fxe3 25. Qxe6+ Qxe6 26. Bxe6+ Kh8 27. fxe3 g3 28. hxg3 Bxg3 29. Bd5 Bf2+ 30. Kf1 Bxe3+ 31. Ke2 Bg5 32. Bxb7 Re8+ 33. Kf3 Rf8+ 34. Kg3 Rf7 35. Bf3 Ra7 36. Bd5 Bf6 37. b4 Bc3 38. b5 Ra5 39. Rb1 Be5+ 40. Kg4 Kg7 41. Kf5 Bg3 42. Ke6 Ra7 43. b6 Rf7 44. Bf3 Bb8 45. b7 Rf6+ 46. Kd5 Kf7 47. a4 Ke7 48. Re1+ Kd8 49. Rc1 Bc7 50. Bg4 Ra6 51. b8Q+ Bxb8 52. Rc8+ Ke7 53. Rxb8 Ra5+ 54. Ke4 Rxa4+ 55. Kf5 Ra5+ 56. Kf4 Ra4+ 57. Kg3 Ra6 58. Rb5 Rg6 59. Kh3 Kf6 60. g3 Ke7 61. Kh4 Rd6 62. Rf5 Kd8 63. Kh5 Kc7 64. Rf7+ Kb6 65. Bf5 Kc5 66. g4 Kd4 67. Rd7 Rxd7 68. Bxd7 Ke5 69. Kxh6 Kf6 70. g5+ Kf7 71. Kh7 Kf8 72. g6 1-0

[Event "Mondariz FIDE President Cup 2nd"]
[Site "Mondariz"]
[Date "2004.09.05"]
[Round "6"]
[White "Rodriguez Aguilera, Aurelio"]
[Black "Berenguer Martinez, Jose Antonio"]
[Result "0-1"]
[WhiteElo "1980"]
[BlackElo "2025"]
[PlyCount "24"]
[EventDate "2004.08.30"]
[EventType "swiss"]
[EventRounds "9"]
[EventCountry "ESP"]
[SourceTitle "CBM 102 Extra"]
[Source "ChessBase"]
[SourceDate "2004.11.03"]
[SourceVersion "1"]
[SourceVersionDate "2004.11.03"]
[SourceQuality "1"]

1. d4 d5 2. c4 dxc4 3. Nc3 Nf6 4. e4 e5 5. d5 b5 6. Nxb5 Nxe4 7. Qa4 c6 8. dxc6 Nc5 9. Qxc4 Nxc6 10. b4 Nxb4 11. Qxb4 Nd3+ 12. Bxd3 Bxb4+ 0-1